|
|
|
|
| LEADER |
00871nam a2200277 4500 |
| 001 |
DLU180184741 |
| 005 |
##20180507 |
| 040 |
# |
# |
|a DLU
|b vie
|
| 041 |
# |
# |
|a vie
|
| 044 |
# |
# |
|a vn
|
| 100 |
# |
# |
|a Le Thi My Trinh.
|
| 245 |
# |
# |
|a Synthesis some new 8-aza-2,3-dioxabicyclo[4.3.0]nonane derivatives by manganese(III)-catalyzed reaction /
|c Le Thi My Trinh, Nguyen Van Ha.
|
| 653 |
# |
# |
|a 8-aza-2,3-dioxabicyclo[4.3.0]nonanes
|
| 653 |
# |
# |
|a Manganese(III) catalyst
|
| 653 |
# |
# |
|a Oxygen molecule trapping reaction
|
| 700 |
# |
# |
|a Nguyen Van Ha.
|
| 773 |
# |
# |
|t Hóa học
|g Số 5, 2015, tr. 636-640
|
| 920 |
# |
# |
|a Phòng Tạp chí -- Trung tâm Thông tin - Thư viện Trường Đại học Đà Lạt
|
| 994 |
# |
# |
|a DLU
|
| 900 |
# |
# |
|a True
|
| 911 |
# |
# |
|a Hoàng Thị Huyền
|
| 925 |
# |
# |
|a G
|
| 926 |
# |
# |
|a A
|
| 927 |
# |
# |
|a BB
|
| 980 |
# |
# |
|a Thư viện Trường Đại học Đà Lạt
|